|
|
|
|
| LEADER |
00792nam a22002292a 4500 |
| 001 |
001441825 |
| 003 |
CZ BrMZK |
| 005 |
20141211100319.0 |
| 007 |
ta |
| 008 |
141205s1956 xo er|||||||||||slo d |
| 040 |
|
|
|a BOA001
|b cze
|
| 100 |
1 |
|
|a Fogta, Alfréd,
|d 1925-1980
|7 mzk2002139928
|4 aut
|
| 245 |
1 |
0 |
|a Doplnkové čítanie pre 3. stupeň ĽKR /
|c Alfréd Fogta
|
| 250 |
|
|
|a 1. vyd.
|
| 260 |
|
|
|a Martin :
|b Osveta,
|c 1956
|
| 300 |
|
|
|a 56 s.
|
| 490 |
1 |
|
|a Edícia Slovenského výboru Sväzu československo-sovietskeho priateľstva
|
| 830 |
|
0 |
|a Edícia Slovenského výboru Sväzu československo-sovietskeho priateľstva
|
| 910 |
|
|
|a BOA001
|b 2-0369.037,3
|
| 990 |
|
|
|a BK
|
| 991 |
|
|
|b 201412
|
| 996 |
7 |
|
|b 2619151303
|c 2-0369.037,3
|l MZK
|r Sklad / do 24 hodin
|n 0
|w 001476823
|u 000010
|a 1
|e BOA001
|j MZK50
|s A
|